banner-ar

مناخ مصر / (Record no. 36879)

MARC details
000 -الفاتح
حقل البيانات ثابتة الطول 00769nam a2200241Ia 4500
008 - عناصر البيانات ثابتة الطول - معلومات عامة
حقل البيانات ثابتة الطول 140319s9999 xx 000 0 ara d
040 ## - مصدر الفهرسة
وكالة الفهرسة الأصلية GCL /
وكالة النسخ GCL
082 04 - رقم تصنيف ديوى العشرى
رقم التصنيف ق
رقم المادة 916.2
-- ى م
100 1# - المدخل الرئيسى - إسم شخصى
الإسم الشخصى عبدالقادر عبدالعزيز على
245 10 - بيان العنوان
العنوان مناخ مصر /
بيان المسئوليه,etc عبدالقادر عبدالعزيز على
700 1# - المدخل الاضافى - اسم شخصى
الإسم الشخصى عبدالعزيز عبداللطيف يوسف
700 1# - المدخل الاضافى - اسم شخصى
الإسم الشخصى شحاته سيد احمد
700 1# - المدخل الاضافى - اسم شخصى
الإسم الشخصى يوسف عبدالمجيد فايد
260 ## - PUBLICATION, DISTRIBUTION, ETC. (IMPRINT)
تاريخ النشر أو التوزيع 1994
300 ## - الوصف المادى
التعداد 443 ص
490 ## - بيان السلسلة
عنوان السلسلة
650 04 - المدخل الاضافى بالموضوع-مصطلح موضوعى
مصطلح موضوعي مصر
650 04 - المدخل الاضافى بالموضوع-مصطلح موضوعى
مصطلح موضوعي الجغرافيا الطبيعية
650 04 - المدخل الاضافى بالموضوع-مصطلح موضوعى
مصطلح موضوعي المناخ
650 04 - المدخل الاضافى بالموضوع-مصطلح موضوعى
مصطلح موضوعي الظواهر الجوية
942 ## - عناصر المدخل الإضافي( كوها)
مصدر التصنيف او مخطط الترفيف Dewey Decimal Classification
Koha [default] item type كتاب
260 ## - PUBLICATION, DISTRIBUTION, ETC. (IMPRINT)
-- [S.N] :
-- دار النهضة العربية ،
Holdings
حالة التراجع حالة الفقد حالة تلف ليس للاعارة المكان المؤقت الموقع الحالى تاريخ الاكتساب اجمالي اﻻعارات رقم الطلب الباركود تاريخ اخر مشاهدة تاريخ تفعيل السعر نوع وعاء كوها
        مكتبة القاهرة الكبرى مكتبة القاهرة الكبرى 03/26/2014   ق\916.2\ى م 89691 03/26/2014 03/26/2014 كتاب
        مكتبة القاهرة الكبرى مكتبة القاهرة الكبرى 03/26/2014   ق\916.2\ى م 89692 03/26/2014 03/26/2014 كتاب

Powered By

EGPV